Datum a čas kvízu
29.5
Celkem bodů
Celkový počet nahraných bodů na tomto kvízu bez doplňovacích otázek.
4.
Pořadí na kvízu
Konečné umístění týmu na tomto kvízu.
Zaznamenané odpovědi
| # | Otázka | Odpověď | Body | Výsledky |
|---|---|---|---|---|
| 1. | V pondělí proběhla na Příbrams... | v kufru dědečkova auta / v autě | 1 | |
| 2. | Ve které evropské zemi došlo v... | v Německu | 0 | |
| 3. | Ve Vatikánu se po 491 letech u... | Karel III. | 1 | |
| 4. | Na Islandu byl zaznamenán prvn... | komár | 1 | |
| 5. | Kterému zimnímu sportu se věnu... | biatlonu | 1 | |
| 6. | Dnešní zeměpisné téma otevírám... | Golčův Jeníkov, Gmünd | 0.5 | |
| 7. | Které z následujících tvrzení... | C | 0 | |
| 8. | V další otázce bude vaším úkol... | 1A 2B 3D 4C | 1 | |
| 9. | Napište název státu obsahující... | Belgie | 1 | |
| 10. | V této koláži jsou spojené vla... | Gruzie, Guatemala | 0.5 |